FGTS descomplicado

Detalles Bibliográficos
Autor principal: Luizetti, Daiane
Formato: Libro
Lenguaje:portugués
Publicado: Brasil Editora Mundo Jurd̕ico 2014
Materias:
Acceso en línea:Acceso restringido

MARC

LEADER 00000nam a22000007a 4500
005 20160419112655.0
007 cr|||| ||u|
008 160419t2014 bl ||||| |||| 00||0 por d
020 |a 978-85-8085-055-0 
035 |a 14121 
040 |a vLex 
090 |c 6010  |d 6010 
100 1 |a Luizetti, Daiane  
245 1 0 |a FGTS descomplicado  |h [Recurso electrn̤ico] /  |c Daiane Luizetti  
256 |a Servicio en ln̕ea  
260 |a Brasil   |b Editora Mundo Jurd̕ico  |c 2014  
300 |a 1 recurso electrn̤ico 
506 1 |a Contenido solo disponible en los productos indicados  |d vLex Global  |d vLex Global (Academic Edition, excluding Law Schools)  |d vLex Global (U.S. Academic Edition, Law Schools)  |d vLex Global (U.S. Academic Edition, excluding Law Schools)  |d vLex Global (Academic Edition, Law Schools) 
650 0 4 |a Derecho  |z Brasil 
740 0 |a vLex libros (servicio en ln̕ea)  
856 4 0 |u http://vlex.com/source/fgts-descomplicado-14121  |z Acceso restringido  
942 |c BOOK 
999 0 |a Law  |b Brasil